000 00263nam a2200109Ia 4500
008 200302s9999 xx 000 0 und d
100 _aKelly Shannon
245 _aReclaiming (The Urbanism Of) Mumbai
260 _bSun Publisher
260 _c2009
300 _a205 P.,
999 _c4385
_d4385